书目信息 |
| 题名: |
挡车工基本技能
|
|
| 作者: | 于学成 , 张夏 主编 | |
| 分册: | ||
| 出版信息: | 北京 中国林业出版社 2009 |
|
| 页数: | 109页 | |
| 开本: | 21cm | |
| 丛书名: | ||
| 单 册: | ||
| 中图分类: | TS115.8 , TS115 | |
| 科图分类: | ||
| 主题词: | 棉纺织--看管操作法--技术教育--教材 , 棉纺织 , 看管操作法 | |
| 电子资源: | ||
| ISBN: | 978-7-5038-5683-9 | |
| 000 | 00865nam0 2200277 450 | |
| 001 | 2372791969 | |
| 005 | 20231207201851.93 | |
| 010 | @a978-7-5038-5683-9@dCNY 8.00 | |
| 100 | @a20091014d2009 em y0chiy0120 ea | |
| 101 | 0 | @achi |
| 102 | @aCN@b110000 | |
| 105 | @ay z 000yy | |
| 200 | 1 | @a挡车工基本技能@Adang che gong ji ben ji neng@b专著@f于学成,张夏主编 |
| 210 | @a北京@c中国林业出版社@d2009 | |
| 215 | @a109页@d21cm | |
| 300 | @a职业技能培训系列教材 | |
| 330 | @a本书共分10个单元,内容包括纤维及纱线的相关知识、开清棉、梳棉、并条、粗纱、细砂、织物的相关知识等。 | |
| 606 | 0 | @a棉纺织@x看管操作法@x技术教育@j教材 |
| 606 | 0 | @a棉纺织 |
| 606 | 0 | @a看管操作法 |
| 690 | @aTS115.8@v5 | |
| 690 | @aTS115@v4 | |
| 701 | 0 | @a于学成@Ayu xue cheng@4主编 |
| 701 | 0 | @a张夏@Azhang xia@4主编 |
| 801 | 2 | @aCN@b辽宁北配@c20231205 |
| 905 | @aZUCC@dTS115@e2 | |
| 挡车工基本技能/于学成,张夏主编.-北京:中国林业出版社,2009 |
| 109页;21cm |
| 职业技能培训系列教材 |
| ISBN 978-7-5038-5683-9:CNY 8.00 |
| 本书共分10个单元,内容包括纤维及纱线的相关知识、开清棉、梳棉、并条、粗纱、细砂、织物的相关知识等。 |
| ● |
| 相关链接 |
|
|
|
正题名:挡车工基本技能
索取号:TS115/2
 
预约/预借
| 序号 | 登录号 | 条形码 | 馆藏地/架位号 | 状态 | 备注 |
| 1 | 2001246538 | 2001246538 | 第四书库/213/ [索取号:TS115/2] | 在馆 | |
| 2 | 2001246539 | 2001246539 | 第四书库/213/ [索取号:TS115/2] | 在馆 | |
| 3 | 2001246540 | 2001246540 | 第四书库/213/ [索取号:TS115/2] | 在馆 | |
| 4 | 2001246541 | 2001246541 | 第四书库/213/ [索取号:TS115/2] | 在馆 | |
| 5 | 2001246542 | 2001246542 | 第四书库/213/ [索取号:TS115/2] | 在馆 | |
| 6 | 2001246543 | 2001246543 | 第四书库/213/ [索取号:TS115/2] | 在馆 | |
| 7 | 2001246544 | 2001246544 | 第四书库/213/ [索取号:TS115/2] | 在馆 | |
| 8 | 2001246545 | 2001246545 | 第四书库/213/ [索取号:TS115/2] | 在馆 | |
| 9 | 2001246546 | 2001246546 | 第四书库/213/ [索取号:TS115/2] | 在馆 | |
| 10 | 2001246547 | 2001246547 | 第四书库/213/ [索取号:TS115/2] | 在馆 | |
| 11 | 2001246548 | 2001246548 | 第四书库/213/ [索取号:TS115/2] | 在馆 | |
| 12 | 2001246549 | 2001246549 | 第四书库/213/ [索取号:TS115/2] | 在馆 | |
| 13 | 2001246550 | 2001246550 | 第四书库/213/ [索取号:TS115/2] | 在馆 | |
| 14 | 2001246551 | 2001246551 | 第四书库/213/ [索取号:TS115/2] | 在馆 | |
| 15 | 2001246552 | 2001246552 | 第四书库/213/ [索取号:TS115/2] | 在馆 | |
| 16 | 2001246553 | 2001246553 | 第四书库/213/ [索取号:TS115/2] | 在馆 | |
| 17 | 2001246554 | 2001246554 | 第四书库/213/ [索取号:TS115/2] | 在馆 | |
| 18 | 2001246555 | 2001246555 | 第四书库/213/ [索取号:TS115/2] | 在馆 | |
| 19 | 2001246556 | 2001246556 | 第四书库/213/ [索取号:TS115/2] | 在馆 | |
| 20 | 2001246557 | 2001246557 | 第四书库/213/ [索取号:TS115/2] | 在馆 | |
| 21 | 2001246558 | 2001246558 | 第四书库/213/ [索取号:TS115/2] | 在馆 | |
| 22 | 2001246559 | 2001246559 | 第四书库/213/ [索取号:TS115/2] | 在馆 | |
| 23 | 2001246560 | 2001246560 | 第四书库/213/ [索取号:TS115/2] | 在馆 | |
| 24 | 2001246561 | 2001246561 | 第四书库/213/ [索取号:TS115/2] | 在馆 | |
| 25 | 2001246562 | 2001246562 | 第四书库/213/ [索取号:TS115/2] | 在馆 | |
| 26 | 2001246563 | 2001246563 | 第四书库/213/ [索取号:TS115/2] | 在馆 | |
| 27 | 2001246564 | 2001246564 | 第四书库/213/ [索取号:TS115/2] | 在馆 | |
| 28 | 2001246565 | 2001246565 | 第四书库/213/ [索取号:TS115/2] | 在馆 | |
| 29 | 2001246566 | 2001246566 | 第四书库/213/ [索取号:TS115/2] | 在馆 | |
| 30 | 2001246567 | 2001246567 | 第四书库/213/ [索取号:TS115/2] | 在馆 |